Oxford handbook of clinical surgery
This book presents a succinct account of current surgical practice and general operative surgery, useful for medical students, housemen, and junior surgical traineers
Bewaard in:
| Hoofdauteur: | |
|---|---|
| Formaat: | Boek |
| Taal: | Undetermined |
| Gepubliceerd in: |
Oxford
Oxford Univ
1996
|
| Onderwerpen: | |
| Tags: |
Voeg label toe
Geen labels, Wees de eerste die dit record labelt!
|
| Thư viện lưu trữ: | Trung tâm Học liệu Trường Đại học Cần Thơ |
|---|
| LEADER | 00694nam a2200205Ia 4500 | ||
|---|---|---|---|
| 001 | CTU_14771 | ||
| 008 | 210402s9999 xx 000 0 und d | ||
| 020 | |b 46.50df | ||
| 082 | |a 617.07 | ||
| 082 | |b O.98 | ||
| 100 | |a G R McLatchie | ||
| 245 | 0 | |a Oxford handbook of clinical surgery | |
| 245 | 0 | |c G R McLatchie | |
| 260 | |a Oxford | ||
| 260 | |b Oxford Univ | ||
| 260 | |c 1996 | ||
| 520 | |a This book presents a succinct account of current surgical practice and general operative surgery, useful for medical students, housemen, and junior surgical traineers | ||
| 650 | |a surgery | ||
| 904 | |i Nguyễn Quang Điền, 970107 | ||
| 980 | |a Trung tâm Học liệu Trường Đại học Cần Thơ | ||